| 000 | 00571aam a2200229 4500 | ||
|---|---|---|---|
| 005 | 20160909094353.0 | ||
| 008 | 150824b xxu||||| |||| 00| 0 spa d | ||
| 041 | _aEspañol | ||
| 082 | _a621.381.5 E24c | ||
| 100 |
_aEdminister, Joseph _919547 |
||
| 245 | _aCircuitos electricos | ||
| 250 | _a2 edición | ||
| 260 | _aMéxico | ||
| 260 | _bMcGraw-Hill | ||
| 260 | _c1988 | ||
| 300 | _a300 páginas | ||
| 650 |
_aCIRCUITOS _91827 |
||
| 650 |
_aELECTRÓNICA _91815 |
||
| 650 |
_aCIRCUITOS ELECTRICOS _91857 |
||
| 650 |
_aPOTENCIA ELÉCTRICA _919548 |
||
| 942 | _cBK | ||
| 999 |
_c660 _d660 |
||